| 000 | 01560nam a2200253 a 4500 | ||
|---|---|---|---|
| 008 | 150429s2008 ||||||||||||||||| || u | ||
| 020 | _a9780435987664 | ||
| 050 | _aLB 1027 Rid | ||
| 100 | _aRiddall-Leech, Sheila | ||
| 245 | 1 | 0 |
_aHow to observe children. (2nd ed.) _cBy Sheila Riddall-Leech |
| 250 | _a2nd ed. | ||
| 260 |
_aMalaysia _bHeinemann _c2008 |
||
| 300 | _av, 169 pages : illustrations | ||
| 350 | _a30.50 | ||
| 650 | 0 | _aOBSERVATION (EDUCATIONAL METHOD) | |
| 650 | 0 | _aEDUCATIONAL TESTS AND MEASUREMENTS | |
| 650 | 0 | _aEARLY CHILDHOOD EDUCATION | |
| 995 |
_aANNEX COLLECTION (Main Library) _e745212 _FCBU-MAIN LIBRARY (Kitwe) _I30.50 _jLB 1027 Rid _M3 _UAVAILABLE _WMay 13, 2015 _y745212 _ZAnnex Low-Usage Collection |
||
| 995 |
_aANNEX COLLECTION (Main Library) _e745213 _FCBU-MAIN LIBRARY (Kitwe) _I30.50 _jLB 1027 Rid _M4 _UAVAILABLE _WMay 13, 2015 _y745213 _ZAnnex Low-Usage Collection |
||
| 995 |
_aANNEX COLLECTION (Main Library) _e745210 _FCBU-MAIN LIBRARY (Kitwe) _I30.50 _jLB 1027 Rid _M1 _UAVAILABLE _WMay 13, 2015 _y745210 _ZAnnex Low-Usage Collection |
||
| 995 |
_aMAIN LIBRARY OPEN ACCESS _e745214 _FCBU-MAIN LIBRARY (Kitwe) _I30.50 _jLB 1027 Rid _M5 _UAVAILABLE _WMay 13, 2015 _y745214 _ZMain Library Open Access Collection |
||
| 995 |
_aANNEX COLLECTION (Main Library) _e745211 _FCBU-MAIN LIBRARY (Kitwe) _I30.50 _jLB 1027 Rid _M2 _UAVAILABLE _WMay 13, 2015 _y745211 _ZAnnex Low-Usage Collection |
||
| 995 |
_aMAIN LIBRARY OPEN ACCESS _e745215 _FCBU-MAIN LIBRARY (Kitwe) _I30.50 _jLB 1027 Rid _M6 _UAVAILABLE _WMay 13, 2015 _y745215 _ZMain Library Open Access Collection |
||
| 999 |
_c76383 _d76383 |
||